000
00306 a2200109 4500
001
ART_18138
005
20260410161657.0
008
260409a
245
1
0
_a
Contrabando de billetes
100
1
_a
Robiglio, Carolina L.
773
0
_t
Práctica profesional
_g
- Nº 144 (jun. 2011)
_w
REV542
999
_c
14842
_d
14842